00983nam a2200229 a 450000100100000000500170001000800410002702000150006804000250008308200130010810000270012124501670014826000720031530000210038749000240040850000730043250400320050570000570053783000310059495201110062599900170073600004178920201002035745.0131017s2001 sp 000 0 spa d a8400044479 aDO-SdBNPbspacBNPHU axxxbxxx1 aPalenque, Marta96864913aLa poesía en las colecciones de literatura popular :b"Los poetas" (1920 y 1928) y "Romances" /cMarta Palenque ; prólogo Alberto Sánchez Álvarez Insúa. aMadrid :bConsejo Superior de Investigaciones Científicas,c2001. a222 p. ;c22 cm.1 aLiteratura brevev8 aIncluye referencias bibliográficas y notas al pie de las páginas aBibliografía : p. 135-1391 aÁlvarez Insúa, Alberto Sánchezepról.968650 0aLiteratura breven8968651 001050718MOaGRbGRcCTd2013-10-17iLF1l0oxxx xxxp41789-10r2020-06-25w2020-06-25y1ZNo se presta c41278d41278